00626cam a2200217 a 4500001000800000005001700008008004100025010001700066020001500083040001800098041000800116080001400124082001800138100000700156101000800163245005000171906004500221942001200266999001700278952011300295260735020180301044059.0970723s1976 nyu d 000 0 eng  a 97175521  a042509975X aDLCcDLCdDLC aeng a423.1 LEW00a423.1 LEW221 a23 aFJA04aThe new Roget's thesaurus in dictionary form. a7bcbccorignewd2encipf19gy-gencatlg 2ddccBK c43800d43800 00102udc40708PËKGa002b002cPËKGd2018-03-01l0o423.1 LEWp002-3000401r2018-03-01w2018-03-01yBK